Movies Quiz

Random Movies or Clickable Quiz

Disney Girls Quiz Stats

 Plays Quiz not verified by Sporcle

Challenge
Share
Tweet
Embed
Score 0/16 Timer 04:00
1 Play Today
% Correct
Belle
98.4%
Cinderella
98.4%
Pocahontas
95.1%
Mulan
93.9%
Jane
93.9%
Snow White
93.1%
Tiana
92.7%
Tinker Bell
92.7%
% Correct
Jasmine
92.2%
Alice
92.2%
Esmeralda
91.4%
Rapunzel
91%
Aurora
86.1%
Meg
84.5%
Ariel
80.8%
Kida
77.1%

You're not logged in!

Compare scores with friends on all Sporcle quizzes.
OR
Log In

You Might Also Like...

Show Comments

Extras

Top Quizzes Today


Score Distribution

Your Account Isn't Verified!

In order to create a playlist on Sporcle, you need to verify the email address you used during registration. Go to your Sporcle Settings to finish the process.

Report this User

Report this user for behavior that violates our Community Guidelines.

Details: